Machine learning: Algorithms and applications (Record no. 394933)

MARC details
000 -LEADER
fixed length control field 00617 a2200217 4500
005 - DATE & TIME
control field 20260121102326.0
008 - FIXED-LENGTH DATA ELEMENTS--GENERAL INFORMATION
fixed length control field 260120b |||||||| |||| 00| 0 eng d
020 ## - ISBN
International Standard Book Number 9781032937922
Price Rs. 1095.00
040 ## - CATALOGING SOURCE
Original cataloging agency VIVEKANANDA LIBRARY
082 ## - DDC NUMBER
Classification number 006.31
Book Number M726M
100 ## - MAIN ENTRY--PERSONAL NAME
Personal name Mohammad, Mohssen
245 ## - TITLE STATEMENT
Title Machine learning: Algorithms and applications
260 ## - PUBLICATION, DISTRIBUTION, ETC. (IMPRINT)
Name of publisher, distributor, etc CRC Press
Date of publication, distribution, etc 2025
Place of publication, distribution, etc Boca Raton
300 ## - PHYSICAL DESCRIPTION
Pages xxii, 204
650 ## - Subject
Subject Computer Science
650 ## - Subject
Subject Machine Learning
650 ## - Subject
Subject Computer Algorithms
700 ## - Added Entry Personal Name
Added Entry Personal Name Khan, Muhammad Badruddin
700 ## - Added Entry Personal Name
Added Entry Personal Name Bashier, Eihab Bashier Mohammed
942 ## - ADDED ENTRY ELEMENTS (KOHA)
Koha item type Books
Holdings
Withdrawn status Lost status Source of classification or shelving scheme Damaged status Not for loan Location (home branch) Sublocation or collection (holding branch) Shelving location Date acquired Koha issues (times borrowed) Koha full call number Accession No. Koha date last seen Koha item type
    Dewey Decimal Classification     VIVEKANANDA LIBRARY VIVEKANANDA LIBRARY Vivekananda Library 18/12/2025   006.31 M726M 443750 18/12/2025 Books
© Designed and Maintained by Vivekananda Library, MDU Rohtak